St. Lucia : 2019 Article IV Consultation-Press Release; and Staff Report.

This 2019 Article IV Consultation explains that St. Lucia's near-term growth prospects are favorable, supported by large infrastructure investment and robust tourist inflows. However, longer-term growth continues to be impeded by high public debt, lingering vulnerabilities in the financial syst...

Ful tanımlama

Detaylı Bibliyografya
Müşterek Yazar: International Monetary Fund. Western Hemisphere Dept
Materyal Türü: Dergi
Dil:English
Baskı/Yayın Bilgisi: Washington, D.C. : International Monetary Fund, 2020.
Seri Bilgileri:IMF Staff Country Reports; Country Report ; No. 2020/054
Online Erişim:Full text available on IMF
LEADER 02361cas a2200241 a 4500
001 AALejournalIMF016261
008 230101c9999 xx r poo 0 0eng d
020 |c 5.00 USD 
020 |z 9781513530963 
022 |a 1934-7685 
040 |a BD-DhAAL  |c BD-DhAAL 
110 2 |a International Monetary Fund.  |b Western Hemisphere Dept. 
245 1 0 |a St. Lucia :   |b 2019 Article IV Consultation-Press Release; and Staff Report. 
264 1 |a Washington, D.C. :  |b International Monetary Fund,  |c 2020. 
300 |a 1 online resource (82 pages) 
490 1 |a IMF Staff Country Reports 
500 |a <strong>Off-Campus Access:</strong> No User ID or Password Required 
500 |a <strong>On-Campus Access:</strong> No User ID or Password Required 
506 |a Electronic access restricted to authorized BRAC University faculty, staff and students 
520 3 |a This 2019 Article IV Consultation explains that St. Lucia's near-term growth prospects are favorable, supported by large infrastructure investment and robust tourist inflows. However, longer-term growth continues to be impeded by high public debt, lingering vulnerabilities in the financial system, and structural impediments to private investment. Diminishing policy buffers further weaken the country's resilience to external shocks against the backdrop of aprecarious global outlook. Completion of long pending legislative initiatives, alongside stronger regional and domestic financial oversight, should provide banks with incentives to strengthen their balance sheets and increase the efficiency of financial intermediation. There is also a need to draw on supervisory and regulatory tools to respond to emerging risks from rising overseas investments of the banks and the rapid expansion of lending by credit unions. The authorities are recommended to should step up efforts to address the institutional, financing and capacity gaps in its climate and disaster response strategy. Supply-side reforms are needed to unlock potential growth by improving the business environment, reducing energy costs, enhancing labor productivity, and further diversifying the economy. 
538 |a Mode of access: Internet 
830 0 |a IMF Staff Country Reports; Country Report ;  |v No. 2020/054 
856 4 0 |z Full text available on IMF  |u http://elibrary.imf.org/view/journals/002/2020/054/002.2020.issue-054-en.xml  |z IMF e-Library